000 00568nam a2200181Ia 4500
005 20250508152523.0
008 008 250505s9999 xx 000 0 eng d
037 _aBooks to be hide in OPAC
040 _aFEDL
_beng
_cFEDL
041 _aeng
_2eng
084 _a420.0202, ALL/O
_qFEDL
100 _aBhandari C S
_9761689
245 0 _aDraft syllabus in english for the junior high school
260 _aAllahabad, India
_bGovernment Central Pedagogical Institute
300 _aiv,48p.
942 _cHB
_h420.0202, ALL/O
999 _c1336960
_d1336960